Devine la minute - version foot - Statistiques

Statistiques générales
  • Ce quiz a été pris 30 fois
  • Le résultat moyen est 8 sur 12
Statistiques - réponses
Par images Réponse % Correct
1
96%
57
77%
82
77%
81
73%
36
69%
43
69%
59
69%
64
65%
113
62%
29
62%
63
58%
90+4
38%
Aucun quiz correspondant
Distribution des résultats
% des personnes avec chaque résultat
Percentile par nombre de réponses
Votre historique - résultats
Vous n’avez pas pris ce quiz